Código Orgánico de Tribunales: citas de jurisprudencia, anotado y concordado, índice temático alfabético, apéndices
Saved in:
| Format: | Book |
|---|---|
| Language: | Spanish |
| Published: |
Santiago
LexisNexis
2004
|
| Edition: | 4a. ed |
| Series: | Códigos de la República de Chile
|
| Subjects: | |
| Tags: |
Add Tag
No Tags, Be the first to tag this record!
|
MARC
| LEADER | 00000nam a2200000 a 4500 | ||
|---|---|---|---|
| 001 | UCL7227 | ||
| 003 | CL-VaPUC | ||
| 008 | 040514e20040402CL |||||||||||||||||spa|d | ||
| 020 | |a 9562384705 | ||
| 082 | 0 | 4 | |a 347.8301 |b COD |2 21 |
| 245 | 1 | 0 | |a Código Orgánico de Tribunales: citas de jurisprudencia, anotado y concordado, índice temático alfabético, apéndices |
| 250 | |a 4a. ed | ||
| 300 | |a 407 p | ||
| 942 | |c BK | ||
| 945 | |d 20040514 00:00:00 |a cmena | ||
| 260 | |a Santiago |b LexisNexis |c 2004 | ||
| 500 | |a Actualizada al 2 de abril de 2004 | ||
| 650 | 7 | |a CORTE DE APELACIONES |2 CL-VaPUC |9 385526 | |
| 650 | 0 | |a Jurisprudencia |9 255952 | |
| 650 | 0 | |a Poder judicial |9 254871 | |
| 650 | 7 | |a FUNCIONARIOS JUDICIALES |2 CL-VaPUC |9 382750 | |
| 583 | |a last modification |c 20040514 00:00:00 |k Rodrigo Vera | ||
| 490 | 0 | |a Códigos de la República de Chile | |
| 999 | |c 309077 |d 309075 | ||
| 952 | |0 0 |1 0 |2 ddc |4 0 |6 347_830100000000000_COD_2004 |7 0 |8 FOND_LRYV |9 376221 |a BIBDER |b BIBDER |d 2019-11-21 |i 4017366 |o 347.8301 COD 2004 |p 4017366 |r 2023-01-25 |w 2019-11-21 |y BK_X |k DER | ||
| 952 | |0 0 |1 0 |2 ddc |4 0 |6 347_830100000000000_COD_2004 |7 0 |8 FOND_LRYV |9 376222 |a BIBDER |b BIBDER |d 2019-11-21 |i 4017374 |o 347.8301 COD 2004 |p 4017374 |r 2023-01-25 |w 2019-11-21 |y BK_X |k DER | ||